PROYECTO DE CREACIÓN: MANUAL DEL EMPRENDEDOR
保存先:
| 第一著者: | |
|---|---|
| 団体著者: | |
| その他の著者: | |
| フォーマット: | 学位論文 図書 |
| 言語: | スペイン語 |
| 出版事項: |
Chillán, Chillán.
2016.
|
| 主題: | |
| オンライン・アクセス: | Visualizar y Descargar desde Repositorio UnACh. |
| タグ: |
タグ追加
タグなし, このレコードへの初めてのタグを付けませんか!
|
MARC
| LEADER | 00000nam a22000007a 4500 | ||
|---|---|---|---|
| 003 | CL-ChUAC | ||
| 005 | 20240710170339.0 | ||
| 007 | t| | ||
| 008 | 180504s2016 cl ||||| |||| ||||||spa | ||
| 040 | |a CL-ChUAC |c CL-ChUAC | ||
| 090 | 4 | |a Sem. Ing. Com. |b ES 82 |c 2016. | |
| 100 | 1 | |a Estrada Pinto, Pascual Ernesto | |
| 245 | 1 | 0 | |a PROYECTO DE CREACIÓN: MANUAL DEL EMPRENDEDOR |b |c Pascual Ernesto Estrada Pinto; Profesor Guía: Mario Ricardo Abos-Padilla Budzinski |h TESIS. |
| 260 | |a Chillán, Chillán. |c 2016. | ||
| 300 | |a 86 h. |e 1 CD-ROM. | ||
| 336 | |2 rdacontent |a text |b txt | ||
| 337 | |2 rdamedia |a computer |b c | ||
| 338 | |2 rdacarrier |a computer disc |b cd | ||
| 500 | |a CD-ROM contiene el Seminario en formato digital. | ||
| 502 | |a Seminario para optar al título de Ingeniero Comercial. Universidad Adventista de Chile, Chillán, 2016. | ||
| 504 | |a Bibliografía: h. 81-86 | ||
| 504 | |a Anexos: h. 20-81 | ||
| 505 | |a Resumen: El presente Trabajo Final Integrador se desarrolla en el campo del emprendimiento, bajo la necesidad de información actualizada de los procedimientos administrativos y financieros que permiten el inicio de una empresa, nace la idea de crear un manual que guíe al emprendedor permitiendo así el desarrollo de un proyecto de negocio ejecutado en forma eficiente y eficaz, este manual estará dirigido para personas mayores de 18 años, en donde se proporcione una mirada local, nacional e internacional del mundo de la innovación y el emprendimiento, sobre la mirada internacional se enmarcará específicamente para países ubicados en Sudamérica. El emprendedor es el que “asume riesgos a la hora de tomar decisiones. | ||
| 650 | 4 | |a EMPRENDIMIENTO |x ADMINISTRACIÓN | |
| 650 | 4 | |a INNOVACIÓN | |
| 700 | 1 | |a Abos-Padilla Budzinski, Mario Ricardo |e Profesor Guía. | |
| 710 | 1 | |a Universidad Adventista de Chile |b Facultad de Ingeniería y Negocios. | |
| 856 | |u https://repositoriobiblio.unach.cl/entities/publication/94ca20d3-5c6e-4989-9c39-0a26fcfdf739 |z Visualizar y Descargar desde Repositorio UnACh. | ||
| 942 | |2 ddc |c LTS | ||
| 945 | |0 drb (actualización) | ||
| 952 | |0 0 |1 0 |2 ddc |4 0 |6 T_G_ING__COM__ES_82_201600000000000_C_1_UNACH_CD |7 0 |9 1160133 |a UNACH |b UNACH |c HEM |d 2018-05-04 |i 514 |l 1 |m 1 |o T/G Ing. Com. / ES 82 2016 c.1 UNACH CD. |p 97815 |r 2018-05-17 00:00:00 |s 2018-05-17 |t 1 |w 2018-05-04 |y LTS | ||
| 952 | |0 0 |1 0 |2 ddc |4 0 |6 T_G_ING__COM__ES_82_201600000000000_C_2_UNACH_CD |7 0 |9 1164116 |a UNACH |b UNACH |c HEM |d 2019-05-30 |i 810 |l 0 |o T/G Ing. Com. / ES 82 2016 c.2 UNACH CD |p 101447 |r 2019-05-30 00:00:00 |t 2 |w 2019-05-30 |y LTS | ||
| 999 | |c 2282067 |d 2282067 | ||